<?xml version="1.0" encoding="UTF-8"?>
<record
    xmlns:xsi="http://www.w3.org/2001/XMLSchema-instance"
    xsi:schemaLocation="http://www.loc.gov/MARC21/slim http://www.loc.gov/standards/marcxml/schema/MARC21slim.xsd"
    xmlns="http://www.loc.gov/MARC21/slim">

  <leader>00873nam a22002897a 4500</leader>
  <controlfield tag="003">BPGM</controlfield>
  <controlfield tag="008">260220s1981    mx ao||gr|||| 001 0 spa d</controlfield>
  <datafield tag="040" ind1=" " ind2=" ">
    <subfield code="b">spa</subfield>
  </datafield>
  <datafield tag="041" ind1=" " ind2=" ">
    <subfield code="h">spa</subfield>
  </datafield>
  <datafield tag="050" ind1=" " ind2=" ">
    <subfield code="a">I/398.2/</subfield>
    <subfield code="b">L52</subfield>
  </datafield>
  <datafield tag="245" ind1=" " ind2=" ">
    <subfield code="a">MI LIBRO ENCANTADO </subfield>
  </datafield>
  <datafield tag="250" ind1=" " ind2=" ">
    <subfield code="a">19a</subfield>
    <subfield code="b">1981</subfield>
  </datafield>
  <datafield tag="260" ind1=" " ind2=" ">
    <subfield code="a">M&#xC9;XICO:</subfield>
    <subfield code="b">CUMBRE S.A</subfield>
    <subfield code="c">1981</subfield>
  </datafield>
  <datafield tag="300" ind1=" " ind2=" ">
    <subfield code="a">2,565 p&#xE1;ginas;</subfield>
    <subfield code="c">23.5 cm x 17.5 cm</subfield>
  </datafield>
  <datafield tag="336" ind1=" " ind2=" ">
    <subfield code="2">rdacontent</subfield>
    <subfield code="a">texto</subfield>
    <subfield code="b">txt</subfield>
  </datafield>
  <datafield tag="337" ind1=" " ind2=" ">
    <subfield code="2">rdamedia</subfield>
    <subfield code="a">sin mediaci&#xF3;n</subfield>
    <subfield code="b">n</subfield>
  </datafield>
  <datafield tag="338" ind1=" " ind2=" ">
    <subfield code="2">rdacarrier</subfield>
    <subfield code="a">volumen </subfield>
    <subfield code="b">nc</subfield>
  </datafield>
  <datafield tag="490" ind1="0" ind2=" ">
    <subfield code="a">MI LIBRO ENCANTADO </subfield>
  </datafield>
  <datafield tag="505" ind1=" " ind2=" ">
    <subfield code="a">LITERATURA INFANTIL</subfield>
  </datafield>
  <datafield tag="650" ind1=" " ind2=" ">
    <subfield code="a">CIENCIAS SOCIALES </subfield>
  </datafield>
  <datafield tag="650" ind1=" " ind2=" ">
    <subfield code="a">COSTUMBRES, ETIQUETA, FOLCLOR</subfield>
  </datafield>
  <datafield tag="650" ind1=" " ind2=" ">
    <subfield code="a">FOLCLOR</subfield>
  </datafield>
  <datafield tag="700" ind1=" " ind2=" ">
    <subfield code="a">SANTOS TORROELLA, RAFAEL </subfield>
    <subfield code="c">DIRECCI&#xD3;N LITERARI</subfield>
  </datafield>
  <datafield tag="700" ind1=" " ind2=" ">
    <subfield code="a">RIBA RICART, JOS&#xC9; M.</subfield>
    <subfield code="c">DIRECCI&#xD3;N T&#xC9;CNICA</subfield>
  </datafield>
  <datafield tag="700" ind1=" " ind2=" ">
    <subfield code="a">MIRALLES GAC&#xCD;A, NICO&#xC1;S Y VICENTE</subfield>
    <subfield code="c">DIRECCI&#xD3;N ART&#xCD;STICA</subfield>
  </datafield>
  <datafield tag="942" ind1=" " ind2=" ">
    <subfield code="2">ddc</subfield>
    <subfield code="c">BKN</subfield>
  </datafield>
  <datafield tag="952" ind1=" " ind2=" ">
    <subfield code="0">0</subfield>
    <subfield code="1">0</subfield>
    <subfield code="2">ddc</subfield>
    <subfield code="3">V.1</subfield>
    <subfield code="4">0</subfield>
    <subfield code="7">2</subfield>
    <subfield code="8">GINFANTIL</subfield>
    <subfield code="a">BPCEFC</subfield>
    <subfield code="b">BPCEFC</subfield>
    <subfield code="c">ACCESO "C" PLANTA BAJA</subfield>
    <subfield code="d">2026-02-20</subfield>
    <subfield code="e">DONACI&#xD3;N</subfield>
    <subfield code="l">0</subfield>
    <subfield code="o">I/398.2/L52/V.1</subfield>
    <subfield code="r">2026-02-20 22:24:00</subfield>
    <subfield code="t">EJ.1</subfield>
    <subfield code="w">2026-02-20</subfield>
    <subfield code="y">BKN</subfield>
    <subfield code="z">DESDE LA CUNA</subfield>
  </datafield>
  <datafield tag="952" ind1=" " ind2=" ">
    <subfield code="0">0</subfield>
    <subfield code="1">0</subfield>
    <subfield code="2">ddc</subfield>
    <subfield code="3">V.2</subfield>
    <subfield code="4">0</subfield>
    <subfield code="7">2</subfield>
    <subfield code="8">GINFANTIL</subfield>
    <subfield code="a">BPCEFC</subfield>
    <subfield code="b">BPCEFC</subfield>
    <subfield code="c">ACCESO "C" PLANTA BAJA</subfield>
    <subfield code="d">2026-02-20</subfield>
    <subfield code="e">DONACI&#xD3;N</subfield>
    <subfield code="l">0</subfield>
    <subfield code="o">I/398.2/L52/V.1</subfield>
    <subfield code="r">2026-02-20 22:24:00</subfield>
    <subfield code="t">EJ.1</subfield>
    <subfield code="w">2026-02-20</subfield>
    <subfield code="y">BKN</subfield>
    <subfield code="z">ERASE UNA VEZ</subfield>
  </datafield>
  <datafield tag="952" ind1=" " ind2=" ">
    <subfield code="0">0</subfield>
    <subfield code="1">0</subfield>
    <subfield code="2">ddc</subfield>
    <subfield code="3">V.3</subfield>
    <subfield code="4">0</subfield>
    <subfield code="7">2</subfield>
    <subfield code="8">GINFANTIL</subfield>
    <subfield code="a">BPCEFC</subfield>
    <subfield code="b">BPCEFC</subfield>
    <subfield code="c">ACCESO "C" PLANTA BAJA</subfield>
    <subfield code="d">2026-02-20</subfield>
    <subfield code="e">DONACI&#xD3;N</subfield>
    <subfield code="l">0</subfield>
    <subfield code="o">I/398.2/L52/V.3</subfield>
    <subfield code="r">2026-02-20 22:24:00</subfield>
    <subfield code="t">EJ.1</subfield>
    <subfield code="w">2026-02-20</subfield>
    <subfield code="y">BKN</subfield>
    <subfield code="z">LAS HADAS</subfield>
  </datafield>
  <datafield tag="952" ind1=" " ind2=" ">
    <subfield code="0">0</subfield>
    <subfield code="1">0</subfield>
    <subfield code="2">ddc</subfield>
    <subfield code="3">V.4</subfield>
    <subfield code="4">0</subfield>
    <subfield code="7">2</subfield>
    <subfield code="8">GINFANTIL</subfield>
    <subfield code="a">BPCEFC</subfield>
    <subfield code="b">BPCEFC</subfield>
    <subfield code="c">ACCESO "C" PLANTA BAJA</subfield>
    <subfield code="d">2026-02-20</subfield>
    <subfield code="e">DONACI&#xD3;N</subfield>
    <subfield code="l">0</subfield>
    <subfield code="o">I/398.2/L52/V.4</subfield>
    <subfield code="r">2026-02-20 22:24:00</subfield>
    <subfield code="t">EJ.1</subfield>
    <subfield code="w">2026-02-20</subfield>
    <subfield code="y">BKN</subfield>
    <subfield code="z">EL MUNDO MARAVILLOSO</subfield>
  </datafield>
  <datafield tag="952" ind1=" " ind2=" ">
    <subfield code="0">0</subfield>
    <subfield code="1">0</subfield>
    <subfield code="2">ddc</subfield>
    <subfield code="3">V.5</subfield>
    <subfield code="4">0</subfield>
    <subfield code="7">2</subfield>
    <subfield code="8">GINFANTIL</subfield>
    <subfield code="a">BPCEFC</subfield>
    <subfield code="b">BPCEFC</subfield>
    <subfield code="c">ACCESO "C" PLANTA BAJA</subfield>
    <subfield code="d">2026-02-20</subfield>
    <subfield code="e">DONACI&#xD3;N</subfield>
    <subfield code="l">0</subfield>
    <subfield code="o">I/398.2/L52/V.5</subfield>
    <subfield code="r">2026-02-20 22:24:00</subfield>
    <subfield code="t">EJ.1</subfield>
    <subfield code="w">2026-02-20</subfield>
    <subfield code="y">BKN</subfield>
    <subfield code="z">MITO Y LEYENDA</subfield>
  </datafield>
  <datafield tag="952" ind1=" " ind2=" ">
    <subfield code="0">0</subfield>
    <subfield code="1">0</subfield>
    <subfield code="2">ddc</subfield>
    <subfield code="3">V.6</subfield>
    <subfield code="4">0</subfield>
    <subfield code="7">2</subfield>
    <subfield code="8">GINFANTIL</subfield>
    <subfield code="a">BPCEFC</subfield>
    <subfield code="b">BPCEFC</subfield>
    <subfield code="c">ACCESO "C" PLANTA BAJA</subfield>
    <subfield code="d">2026-02-20</subfield>
    <subfield code="e">DONACI&#xD3;N</subfield>
    <subfield code="l">0</subfield>
    <subfield code="o">I/398.2/L52/V.6</subfield>
    <subfield code="r">2026-02-20 22:24:00</subfield>
    <subfield code="t">EJ.1</subfield>
    <subfield code="w">2026-02-20</subfield>
    <subfield code="y">BKN</subfield>
    <subfield code="z">HEROES Y SANTOS</subfield>
  </datafield>
  <datafield tag="952" ind1=" " ind2=" ">
    <subfield code="0">0</subfield>
    <subfield code="1">0</subfield>
    <subfield code="2">ddc</subfield>
    <subfield code="3">V.7</subfield>
    <subfield code="4">0</subfield>
    <subfield code="7">2</subfield>
    <subfield code="8">GINFANTIL</subfield>
    <subfield code="a">BPCEFC</subfield>
    <subfield code="b">BPCEFC</subfield>
    <subfield code="c">ACCESO "C" PLANTA BAJA</subfield>
    <subfield code="d">2026-02-20</subfield>
    <subfield code="e">DONACI&#xD3;N</subfield>
    <subfield code="l">0</subfield>
    <subfield code="o">I/398.2/L52/V.7</subfield>
    <subfield code="r">2026-02-20 22:24:00</subfield>
    <subfield code="t">EJ.1</subfield>
    <subfield code="w">2026-02-20</subfield>
    <subfield code="y">BKN</subfield>
    <subfield code="z">EL MAR Y LA AVENTURA</subfield>
  </datafield>
  <datafield tag="952" ind1=" " ind2=" ">
    <subfield code="0">0</subfield>
    <subfield code="1">0</subfield>
    <subfield code="2">ddc</subfield>
    <subfield code="3">V.8</subfield>
    <subfield code="4">0</subfield>
    <subfield code="7">2</subfield>
    <subfield code="8">GINFANTIL</subfield>
    <subfield code="a">BPCEFC</subfield>
    <subfield code="b">BPCEFC</subfield>
    <subfield code="c">ACCESO "C" PLANTA BAJA</subfield>
    <subfield code="d">2026-02-20</subfield>
    <subfield code="e">DONACI&#xD3;N</subfield>
    <subfield code="l">0</subfield>
    <subfield code="o">I/398.2/L52/V.8</subfield>
    <subfield code="r">2026-02-20 22:24:00</subfield>
    <subfield code="t">EJ.1</subfield>
    <subfield code="w">2026-02-20</subfield>
    <subfield code="y">BKN</subfield>
    <subfield code="z">EN ALTO LA BANDERA</subfield>
  </datafield>
  <datafield tag="952" ind1=" " ind2=" ">
    <subfield code="0">0</subfield>
    <subfield code="1">0</subfield>
    <subfield code="2">ddc</subfield>
    <subfield code="3">V.9</subfield>
    <subfield code="4">0</subfield>
    <subfield code="7">2</subfield>
    <subfield code="8">GINFANTIL</subfield>
    <subfield code="a">BPCEFC</subfield>
    <subfield code="b">BPCEFC</subfield>
    <subfield code="c">ACCESO "C" PLANTA BAJA</subfield>
    <subfield code="d">2026-02-20</subfield>
    <subfield code="e">DONACI&#xD3;N</subfield>
    <subfield code="l">0</subfield>
    <subfield code="o">I/398.2/L52/V.9</subfield>
    <subfield code="r">2026-02-20 22:24:00</subfield>
    <subfield code="t">EJ.1</subfield>
    <subfield code="w">2026-02-20</subfield>
    <subfield code="y">BKN</subfield>
    <subfield code="z">GRANDES HOMBRES-GRANDES HAZA&#xD1;AS</subfield>
  </datafield>
  <datafield tag="952" ind1=" " ind2=" ">
    <subfield code="0">0</subfield>
    <subfield code="1">0</subfield>
    <subfield code="2">ddc</subfield>
    <subfield code="3">V.10</subfield>
    <subfield code="4">0</subfield>
    <subfield code="7">2</subfield>
    <subfield code="8">GINFANTIL</subfield>
    <subfield code="a">BPCEFC</subfield>
    <subfield code="b">BPCEFC</subfield>
    <subfield code="c">ACCESO "C" PLANTA BAJA</subfield>
    <subfield code="d">2026-02-20</subfield>
    <subfield code="e">DONACI&#xD3;N</subfield>
    <subfield code="l">0</subfield>
    <subfield code="o">I/398.2/L52/V.10</subfield>
    <subfield code="r">2026-02-20 22:24:00</subfield>
    <subfield code="t">EJ.1</subfield>
    <subfield code="w">2026-02-20</subfield>
    <subfield code="y">BKN</subfield>
    <subfield code="z">PAGINAS DE ORO</subfield>
  </datafield>
  <datafield tag="952" ind1=" " ind2=" ">
    <subfield code="0">0</subfield>
    <subfield code="1">0</subfield>
    <subfield code="2">ddc</subfield>
    <subfield code="3">V.11</subfield>
    <subfield code="4">0</subfield>
    <subfield code="7">2</subfield>
    <subfield code="8">GINFANTIL</subfield>
    <subfield code="a">BPCEFC</subfield>
    <subfield code="b">BPCEFC</subfield>
    <subfield code="c">ACCESO "C" PLANTA BAJA</subfield>
    <subfield code="d">2026-02-20</subfield>
    <subfield code="e">DONACI&#xD3;N</subfield>
    <subfield code="l">0</subfield>
    <subfield code="o">I/398.2/L52/V.11</subfield>
    <subfield code="r">2026-02-20 22:24:00</subfield>
    <subfield code="t">EJ.1</subfield>
    <subfield code="w">2026-02-20</subfield>
    <subfield code="y">BKN</subfield>
    <subfield code="z">LA HORA DE JUGAR</subfield>
  </datafield>
  <datafield tag="952" ind1=" " ind2=" ">
    <subfield code="0">0</subfield>
    <subfield code="1">0</subfield>
    <subfield code="2">ddc</subfield>
    <subfield code="3">V.12</subfield>
    <subfield code="4">0</subfield>
    <subfield code="7">2</subfield>
    <subfield code="8">GINFANTIL</subfield>
    <subfield code="a">BPCEFC</subfield>
    <subfield code="b">BPCEFC</subfield>
    <subfield code="c">ACCESO "C" PLANTA BAJA</subfield>
    <subfield code="d">2026-02-20</subfield>
    <subfield code="e">DONACI&#xD3;N</subfield>
    <subfield code="l">0</subfield>
    <subfield code="o">I/398.2/L52/V.12</subfield>
    <subfield code="r">2026-02-20 22:24:00</subfield>
    <subfield code="t">EJ.1</subfield>
    <subfield code="w">2026-02-20</subfield>
    <subfield code="y">BKN</subfield>
    <subfield code="z">NUESTROS HIJOS</subfield>
  </datafield>
  <datafield tag="999" ind1=" " ind2=" ">
    <subfield code="c">68521</subfield>
    <subfield code="d">68521</subfield>
  </datafield>
</record>
